Security in Computing (Record no. 83351)
[ view plain ]
| 000 -LEADER | |
|---|---|
| fixed length control field | 00415nam a2200169Ia 4500 |
| 003 - CONTROL NUMBER IDENTIFIER | |
| control field | STCL |
| 008 - FIXED-LENGTH DATA ELEMENTS--GENERAL INFORMATION | |
| fixed length control field | 181203s9999 xx 000 0 und d |
| 020 ## - INTERNATIONAL STANDARD BOOK NUMBER | |
| International Standard Book Number | 9788131727256 |
| 040 ## - CATALOGING SOURCE | |
| Original cataloging agency | STCL |
| Language of cataloging | EN |
| Transcribing agency | STCL |
| 082 ## - DEWEY DECIMAL CLASSIFICATION NUMBER | |
| Edition number | 22 |
| 100 ## - MAIN ENTRY--PERSONAL NAME | |
| Personal name | Pfleeger, Charles P.; Pfleeger, Shari Lawrence |
| 245 #0 - TITLE STATEMENT | |
| Title | Security in Computing |
| 260 ## - PUBLICATION, DISTRIBUTION, ETC. (IMPRINT) | |
| Name of publisher, distributor, etc. | Pearson |
| Place of publication, distribution, etc. | New Delhi |
| Date of publication, distribution, etc. | 2013 |
| 300 ## - PHYSICAL DESCRIPTION | |
| Extent | 868 |
| 546 ## - LANGUAGE NOTE | |
| Language note | English |
| 942 ## - ADDED ENTRY ELEMENTS (KOHA) | |
| Source of classification or shelving scheme | Dewey Decimal Classification |
| Koha item type | Book |
| Withdrawn status | Lost status | Source of classification or shelving scheme | Damaged status | Not for loan | Home library | Current library | Shelving location | Date acquired | Cost, normal purchase price | Total Checkouts | Total Renewals | Full call number | Barcode | Date last seen | Date last checked out | Price effective from | Koha item type |
|---|---|---|---|---|---|---|---|---|---|---|---|---|---|---|---|---|---|
| Dewey Decimal Classification | Santhome Athenaeum | Santhome Athenaeum | General Stacks | 10/06/2015 | 645.00 | 20 | 3 | 005.8 PFL-C | 92365 | 23/01/2024 | 23/01/2024 | 10/06/2015 | Book | ||||
| Dewey Decimal Classification | Santhome Athenaeum | Santhome Athenaeum | General Stacks | 10/06/2015 | 645.00 | 19 | 9 | 005.8 PFL-C | 92366 | 02/03/2024 | 15/02/2024 | 10/06/2015 | Book |